[Event "BL 2017-18"]
[Site "Germany"]
[Date "2018.02.25"]
[Round "10"]
[White "Neef, Maximilian"]
[Black "Wirig, Anthony"]
[Result "1/2-1/2"]
[WhiteElo "2451"]
[BlackElo "2503"]
[Annotator "TA"]
[PlyCount "85"]
[EventDate "2018.05.24"]
[EventType "team-tourn"]
[EventCountry "GER"]
[SourceTitle "playchess.com"]
[Source "ChessBase"]
[SourceQuality "1"]
[WhiteTeam "Dresden"]
[BlackTeam "Schwaebisch Hall"]

{[%evp 16,85,26,27,37,34,31,31,62,61,59,59,57,56,66,71,71,67,58,26,61,25,35,26,27,21,27,22,24,0,0,0,19,0,0,0,0,-6,-8,-10,0,0,11,0,0,0,7,0,0,0,12,0,0,0,0,0,0,0,0,0,0,0,0,0,0,0,0,0,0,0,0,0]} 1. Nf3 d5 2. g3 Bg4 3. Bg2 e6 4. O-O c6 5. h3 Bh5 6. d4 {A07: Barcza-System (Königsfianchetto mit möglichen Übergängen in andere Systeme)} Nf6 7. c4 Nbd7 8. cxd5 cxd5 (8... exd5 9. Ne5 Ne4 10. Nd2 Nxd2 11. Bxd2 Nxe5 12. dxe5 Bc5 13. Kh2 O-O {½-½ (32) Svidler,P (2768)-Karjakin,S (2753) Wijk aan Zee 2018}) 9. Qb3 {LiveBook: 6 Partien} Bxf3 10. Bxf3 Qb6 11. Nc3 Bd6 12. e4 dxe4 13. Nxe4 Nxe4 14. Bxe4 Rb8 $146 15. Qa4 Qa6 16. Qxa6 bxa6 17. b3 Ke7 18. Bg5+ Nf6 19. Bd3 a5 20. Rac1 Rhd8 21. Rc6 Rb6 22. Rfc1 h6 {Die Stellung ist ausgeglichen.} 23. Bd2 Bb4 24. Bxb4+ (24. Rc7+ {with more complications.} Rd7 25. Be3 Nd5 26. R7c2 Ba3 27. Rd1) 24... axb4 25. Rc7+ Rd7 $1 26. Rxd7+ Kxd7 $11 {[%mdl 4096] Endspiel KTL-KTS} 27. Rc5 Rb7 28. Ra5 Ke7 29. Kg2 Rd7 30. Bb5 Rc7 31. Bc4 Ne4 32. h4 Nc3 33. Kf3 Rd7 34. Ke3 Nd1+ 35. Ke2 Rxd4 36. Rxa7+ Kf6 37. Ra8 Nc3+ 38. Ke3 Rd7 39. a4 bxa3 $1 40. Rxa3 Nd1+ 41. Ke2 Nc3+ 42. Ke3 Nd1+ 43. Ke2 {Precision: Weiß = 59%, Schwarz = 75%.} 1/2-1/2

[Event "BL 2017-18"]
[Site "Germany"]
[Date "2018.02.25"]
[Round "10"]
[White "Shytaj, Luca"]
[Black "van Foreest, Jorden"]
[Result "1/2-1/2"]
[WhiteElo "2448"]
[BlackElo "2636"]
[Annotator "TA"]
[PlyCount "92"]
[EventDate "2018.05.24"]
[EventType "team-tourn"]
[EventCountry "GER"]
[SourceTitle "playchess.com"]
[Source "ChessBase"]
[SourceQuality "1"]
[WhiteTeam "Speyer"]
[BlackTeam "Aachen"]

{[%evp 14,92,1,0,16,0,0,0,-11,-6,-4,-24,-16,-30,-37,-29,0,0,0,-6,-5,-11,7,16,39,7,8,0,0,0,0,0,50,52,61,-54,-44,-97,-94,-120,0,-57,-45,-56,-42,-53,-54,-55,-63,-60,-42,-112,-112,-112,-112,-112,-112,-112,-112,-112,-112,-112,0,0,0,0,0,0,0,0,0,0,0,0,0,0,0,0,0,0,0]} 1. e4 e5 2. Nf3 Nc6 3. Bb5 Nf6 4. d3 d6 5. c4 Be7 {[%cal Bf8e7,Be7f6,Bf6e5][%mdl 32]} 6. Nc3 {C65: Ruy Lopez: Berlin Defence (3...Nf6), unusual lines and 4 0-0 Bc5} O-O 7. h3 Nd7 8. Be3 {LiveBook: 3 Games} Bf6 9. Nd5 Nd4 10. Bxd7 $146 ({Find the theoretical novelty and annotate with similar games:} 10. Nxd4 exd4 11. Nxf6+ Qxf6 12. Bc1 Nc5 13. b4 a6 14. Ba4 Nxa4 15. Qxa4 Qg6 16. g4 f5 17. Bb2 fxe4 18. Bxd4 exd3 19. Be3 Be6 {0-1 (19) Chiburdanidze,M (2555)-Torre,E (2555) Biel 1988}) 10... Bxd7 11. Bxd4 exd4 12. O-O Be5 13. Qd2 c6 14. Nf4 Qe7 15. Ne2 c5 16. Nxe5 dxe5 17. Ng3 Qh4 18. b4 Qf4 19. Qb2 b5 20. cxb5 Bxb5 21. bxc5 Bxd3 {aiming for ...Rab8.} 22. Rfe1 Rab8 23. Qa3 Bc2 24. Rec1 (24. Nf5 $1 $14) 24... d3 $1 $15 25. Qxa7 (25. c6 $1 $15) 25... Ra8 $17 26. Qd7 {next c6 is good for White.} Rxa2 (26... Rfd8 $17 27. Qb7 Rab8) 27. Rxa2 (27. Rf1 $11 Rxa1 28. Rxa1) 27... Qxc1+ $15 28. Nf1 Qb1 $1 {[%cal Rb1a2]} 29. Ra3 $1 Qb4 30. Ra7 Qxc5 31. Rc7 Qb4 32. Ne3 (32. Qd5 $15) 32... Qe1+ $17 33. Kh2 {And now Rc8 would win.} Qxf2 34. Rc8 {[#]} Qf4+ $1 35. g3 Qf2+ 36. Kh1 {Intending Rxf8+ and mate.} Qe1+ 37. Kh2 {[#]} Qb4 (37... Qd2+ $1 $17 38. Ng2 Qb4 39. Rxf8+ Qxf8) 38. Nd5 $1 $36 {[%cal Rd5b4][%mdl 2048] The position is equal. White has some pressure.} Qd2+ 39. Kg1 {Threatening mate with Rxf8+.} Qe1+ 40. Kh2 {Rxf8+ would kill now.} Qf2+ 41. Kh1 g6 42. Ne7+ Kg7 {( -> ...d2)} 43. Rxf8 {White wants to mate with Nf5+!} Qe1+ 44. Kh2 Qe2+ (44... Kxf8 $5 45. Qd8+ $8 Kg7 46. Nf5+ gxf5 47. Qg5+ Kf8 48. Qd8+ Kg7 49. Qg5+ Kh8 50. Qf6+ Kg8 51. Qg5+ Kh8 52. Qf6+ Kg8 53. Qg5+ Kh8 $11) 45. Kg1 Qe3+ (45... Kxf8 $5 46. Qd8+ $8 Kg7 47. Nf5+ gxf5 48. Qg5+ Kf8 49. Qd8+ Kg7 50. Qg5+ Kh8 51. Qf6+ Kg8 52. Qg5+ Kh8 53. Qf6+ Kg8 54. Qg5+ Kh8 $11) 46. Kh2 $1 Qf2+ {Precision: White = 61%, Black = 65%.} (46... Kxf8 $5 47. Qd8+ $8 Kg7 48. Qg8+ Kh6 49. Qxf7 Qe2+ 50. Kg1 Qe3+ 51. Kh2 Qe2+ 52. Kg1 Qe3+ 53. Kh2 $11) 1/2-1/2

[Event "BL 2017-18"]
[Site "Germany"]
[Date "2018.02.25"]
[Round "10"]
[White "Ostrovskiy, Andrey"]
[Black "Balogh, Csaba"]
[Result "0-1"]
[WhiteElo "2444"]
[BlackElo "2634"]
[Annotator "TA"]
[PlyCount "78"]
[EventDate "2018.05.24"]
[EventType "team-tourn"]
[EventCountry "GER"]
[SourceTitle "playchess.com"]
[Source "ChessBase"]
[SourceQuality "1"]
[WhiteTeam "Norderstedt"]
[BlackTeam "Hockenheim"]

{[%evp 18,78,0,3,8,0,0,-22,-9,-10,-30,-24,-21,-33,-31,-25,-35,-32,-17,-35,-16,-170,-176,-172,-181,-187,-184,-154,-153,-236,-195,-190,-202,-205,-182,-197,-207,-216,-189,-243,-272,-378,-367,-315,-260,-252,-252,-377,-375,-348,-232,-576,-613,-583,-565,-29984,-29984,-29983,-29984,-29995,-29996,-29996,-29997]} 1. e4 e5 2. Nf3 Nc6 3. Bb5 Nf6 4. d3 {[%cal Bd2d3,Bd3d4][%mdl 32]} Bc5 5. Bxc6 dxc6 6. Qe2 {C65: Ruy Lopez: Berlin Defence (3...Nf6), unusual lines and 4 0-0 Bc5} (6. Nc3 O-O 7. Be3 Bd6 8. Bg5 Re8 9. h3 c5 10. Nd5 Be7 11. Nxe7+ Qxe7 12. O-O h6 13. Be3 Nd7 14. Nd2 {1-0 (29) Carlsen,M (2837)-Karjakin,S (2760) Riadh 2017}) 6... Nd7 7. Be3 Bd6 8. d4 O-O 9. Nbd2 Re8 10. O-O-O {LiveBook: 5 Games} Qf6 $146 ({Predecessor:} 10... Qe7 11. h4 exd4 12. Nxd4 Ne5 13. f3 f6 {½-½ (32) Malakhov,V (2691)-Roiz,M (2604) Antalya 2017}) 11. Kb1 exd4 12. Nxd4 Nc5 13. f3 Na4 14. Nc4 Bf8 15. Qd2 c5 16. Nb5 $1 {[%cal Rb5c7]} Qc6 $1 {[%cal Rc6b5]} 17. Nc3 Nxc3+ 18. Qxc3 b5 {[%cal Bb7b5,Bb5b4][%mdl 32]} 19. Nd2 $2 (19. Ne5 $11 {and White has nothing to worry.} Qf6 20. Nd7 Qxc3 21. bxc3) 19... Be6 $36 {[%mdl 2048] Black is really pushing.} 20. Nb3 {[%cal Rb3c5]} b4 21. Qd2 Reb8 $1 22. Qf2 {[%cal Rb3c5]} Rb5 23. Qh4 (23. Rc1 $17) 23... a5 {[%cal Ba7a5,Ba5a4][%mdl 32]} 24. Rd8 a4 25. Nc1 {[#]} Rbb8 $1 {[%cal Rb8d8]} 26. Rhd1 {[#]} f6 $1 27. Rxb8 Rxb8 28. Qf2 (28. e5 $142 fxe5 29. Nd3) 28... c4 {[%cal Bc5c4,Bc4c3][%mdl 32]} 29. Ne2 c3 {Hoping for ...Bxa2+!} 30. Nd4 Qd7 31. Qe2 Bf7 ({Less strong is} 31... cxb2 32. Nxe6 Qxe6 33. Qd3 $17) 32. b3 (32. Nf5 $142 Qe8 33. b3) 32... c5 33. Nf5 Qc7 {And now ...c4 would win.} 34. g3 $2 (34. Qa6 {is more resistant.} axb3 35. axb3) 34... Ra8 35. Bf4 Qa7 36. Nd6 axb3 {Black mates.} 37. cxb3 {[#]} Bxb3 $1 {[%mdl 512]} 38. axb3 {[#]} c2+ $1 {[%mdl 512]} 39. Kxc2 Qa2+ {Precision: White = 36%, Black = 88%.} 0-1

[Event "BL 2017-18"]
[Site "Germany"]
[Date "2018.02.25"]
[Round "10"]
[White "Ginsburg, Gennadi"]
[Black "Kempinski, Robert"]
[Result "*"]
[WhiteElo "2443"]
[BlackElo "2593"]
[Annotator "TA"]
[PlyCount "28"]
[EventDate "2018.05.24"]
[EventType "team-tourn"]
[EventCountry "GER"]
[SourceTitle "playchess.com"]
[Source "ChessBase"]
[SourceQuality "1"]
[WhiteTeam "SV Hofheim"]
[BlackTeam "Hamburg SK"]

{[%evp 15,28,18,20,4,32,0,0,-8,0,0,0,6,0,-18,-22]} 1. e4 d6 2. d4 Nf6 3. Nc3 g6 4. Nf3 Bg7 5. h3 O-O 6. Be3 b6 7. Bd3 Bb7 8. O-O Nbd7 {LiveBook: 8 Games. B08: Pirc Defence: Classical System} 9. Qd2 e5 10. Rfe1 $146 ({Predecessor:} 10. dxe5 dxe5 11. Bg5 Qe7 12. Rfe1 Rfd8 13. Nd5 Qd6 14. Nxf6+ Bxf6 15. Bxf6 Qxf6 16. Bc4 {0-1 (62) Munguntuul,B (2426)-Rozum,I (2545) Moscow 2015}) 10... exd4 {The position is equal.} 11. Bxd4 Re8 12. Rad1 Nc5 13. Bxc5 bxc5 14. Bc4 Nd7 $1 *

[Event "BL 2017-18"]
[Site "Germany"]
[Date "2018.02.25"]
[Round "10"]
[White "Hoffmann, Michael"]
[Black "Prestel, Oliver"]
[Result "1/2-1/2"]
[WhiteElo "2442"]
[BlackElo "2152"]
[Annotator "TA"]
[PlyCount "50"]
[EventDate "2018.05.24"]
[EventType "team-tourn"]
[EventCountry "GER"]
[SourceTitle "playchess.com"]
[Source "ChessBase"]
[SourceQuality "1"]
[WhiteTeam "Aachen"]
[BlackTeam "Speyer"]

{[%evp 22,50,-17,-27,-23,-51,-28,-72,0,0,0,0,165,175,171,174,269,251,262,241,278,66,36,0,0,0,0,0,7,0,0]} 1. e4 e6 2. d4 d5 3. Nc3 Bb4 4. e5 c5 5. a3 Bxc3+ 6. bxc3 Ne7 7. Qg4 cxd4 8. cxd4 Qc7 9. Bd2 Qxc2 {C18: French: 3 Nc3 Bb4: Main line: 7 h4 and 7 Qg4} (9... Nd7 10. Nf3 Qxc2 11. Rc1 Qg6 12. Qh3 Qe4+ 13. Be3 Nf5 14. Kd2 h5 15. Bb5 a6 16. Be2 Qg4 17. Qxg4 hxg4 {½-½ (28) Amonatov,F (2647)-Romanov,E (2576) Moscow 2009}) 10. Qxg7 Rg8 11. Qh6 Nbc6 12. Ne2 {[%cal Bg1e2,Be2c3,Bc3d5,Bd5f6][%mdl 32] LiveBook: 7 Games} Nxd4 13. Rc1 Qa4 {Threatens to win with ...Nc2+.} 14. Qxh7 {Hoping for Bb4.} Bd7 (14... Nb3 $1 $17 {[%cal Rb3c1]} 15. Qc2 (15. Rc7 $2 Nxd2 16. Kxd2 Qa5+ 17. Rc3 Bd7 $19) 15... Qxa3) 15. Nc3 $146 ({Much worse is} 15. Rc7 Kd8 $17) ({Find the theoretical novelty and annotate with similar games:} 15. Bb4 Nxe2 16. Bxe2 a5 17. Bd1 {1-0 (60) Gusain,H (2448)-Prajesh,R (2242) Mumbai 2016}) 15... Qxa3 {And now ...Rc8 would win.} 16. Qd3 $1 {[%cal Rd3d4]} Nef5 $2 {[#]} (16... Nb3 $1 $11 {and Black has nothing to worry.} 17. Nb5 Bxb5 18. Qxb5+ Kd8 19. Qxb7 Nxc1) 17. Nxd5 $1 $18 {[%mdl 512]} Qxd3 {[#]} (17... exd5 18. Qxa3) 18. Nf6+ $1 Kd8 (18... Kf8 $142 19. Bxd3 Bc6) 19. Bxd3 Rxg2 20. Be4 Rg6 {White should prevent ...Bc6.} 21. Bxb7 $2 (21. Ba5+ $18 b6 {[#]} 22. Bxb6+ $1 {[%mdl 512]} axb6 23. Bxa8) 21... Rb8 $14 22. Ba5+ Ke7 {The position is equal.} 23. Bb4+ Kd8 24. Ba5+ Ke7 25. Bb4+ Kd8 1/2-1/2

[Event "BL 2017-18"]
[Site "Germany"]
[Date "2018.02.25"]
[Round "10"]
[White "Lobzhanidze, Davit"]
[Black "Kollars, Dmitrij"]
[Result "1/2-1/2"]
[WhiteElo "2432"]
[BlackElo "2509"]
[Annotator "TA"]
[PlyCount "41"]
[EventDate "2018.05.24"]
[EventType "team-tourn"]
[EventCountry "GER"]
[SourceTitle "playchess.com"]
[Source "ChessBase"]
[SourceQuality "1"]
[WhiteTeam "SV Hofheim"]
[BlackTeam "Hamburg SK"]

{[%evp 20,41,39,11,29,15,13,23,23,16,26,7,9,7,7,8,17,10,23,15,19,22,24,20]} 1. e4 e5 2. Nf3 Nc6 3. Bc4 Nf6 4. d3 Be7 5. O-O O-O 6. Re1 d6 7. a4 Be6 8. Nbd2 {[%cal Bb1d2,Bd2f1,Bf1g3][%mdl 32]} Qd7 9. c3 Rfe8 {C55: Two Knights: 4 d3, 4 d4 exd4 5 e5 and Max Lange Attack} (9... h6 10. b4 Nh7 11. b5 Na5 12. Bxe6 fxe6 13. Nc4 Nxc4 14. dxc4 Nf6 15. Ba3 Rad8 16. Qe2 b6 17. a5 {½-½ (52) Stevic,H (2608)-Postny,E (2619) Baku 2016}) 10. a5 a6 11. Qb3 {LiveBook: 6 Games} Nd8 {The position is equal.} 12. h3 Bf8 13. Nf1 $146 ({Find the theoretical novelty and annotate with similar games:} 13. Qc2 g6 14. b4 {1-0 (30) Nunn,J (2515)-Janetschek,K (2325) Baden bei Wien 1980}) 13... c6 {White must now prevent ...d5.} 14. Qc2 g6 15. Ng3 Bg7 16. b4 Bxc4 17. dxc4 Ne6 18. Be3 Nf4 19. Rad1 Qe6 20. c5 dxc5 21. Bxc5 1/2-1/2

[Event "BL 2017-18"]
[Site "Germany"]
[Date "2018.02.25"]
[Round "10"]
[White "Schenk, Andreas"]
[Black "Zelbel, Patrick"]
[Result "1/2-1/2"]
[WhiteElo "2428"]
[BlackElo "2441"]
[Annotator "TA"]
[PlyCount "41"]
[EventDate "2018.05.24"]
[EventType "team-tourn"]
[EventCountry "GER"]
[SourceTitle "playchess.com"]
[Source "ChessBase"]
[SourceQuality "1"]
[WhiteTeam "Bayern Muenchen"]
[BlackTeam "Muelheim"]

{[%evp 32,41,0,0,28,28,32,35,35,6,10,12]} 1. d4 Nf6 2. c4 g6 3. Nc3 Bg7 4. e4 d6 5. Nf3 O-O 6. Be2 e5 7. Be3 exd4 8. Nxd4 Re8 9. f3 c6 10. Bf2 d5 11. exd5 cxd5 12. c5 Nc6 13. O-O Bf8 {E92: King's Indian: Classical: 6 Be2 e5: 7 dxe5, 7 Be3 and Petrosian System without 7...Nbd7} 14. Bb5 Bd7 15. Bxc6 bxc6 16. b4 Nh5 17. Qd2 {LiveBook: 4 Games} a5 18. a3 {[%cal Ba2a3,Ba3b4][%mdl 32] [#]} axb4 $146 ({Predecessor:} 18... Qf6 19. Nce2 Ng7 20. Rac1 axb4 21. axb4 {1-0 (50) Van Wely,L (2675)-Tabatabaei,M (2509) Bandar e Anzali 2017}) 19. axb4 Qf6 20. Rxa8 Rxa8 21. Nce2 1/2-1/2

[Event "BL 2017-18"]
[Site "Germany"]
[Date "2018.02.25"]
[Round "10"]
[White "Carlstedt, Jonathan"]
[Black "Zude, Arno"]
[Result "1/2-1/2"]
[WhiteElo "2423"]
[BlackElo "2370"]
[Annotator "TA"]
[PlyCount "124"]
[EventDate "2018.05.24"]
[EventType "team-tourn"]
[EventCountry "GER"]
[SourceTitle "playchess.com"]
[Source "ChessBase"]
[SourceQuality "1"]
[WhiteTeam "Hamburg SK"]
[BlackTeam "SV Hofheim"]

{[%evp 15,124,16,17,6,13,3,0,0,-7,-48,-41,-37,-45,-42,-19,-26,-16,-54,-46,-53,-44,-58,0,0,20,6,15,-16,-16,-5,0,0,0,0,-6,-20,51,14,53,12,38,25,77,68,83,74,84,50,62,32,68,65,64,58,41,20,40,6,6,7,9,-18,-18,-28,-14,-62,-25,-37,-22,-34,-28,-35,0,0,0,0,0,-8,-8,-8,-8,-8,-8,-8,0,0,0,-4,-6,-31,-8,-8,-8,-8,-8,-8,-8,-8,-8,-8,-8,-8,-8,-8,-8,-8,-8,-8,0,-8,0]} 1. d4 Nf6 2. c4 e6 3. Nc3 d5 4. Nf3 Be7 5. Bf4 O-O 6. e3 b6 7. Be2 Bb7 {D37: Queen's Gambit Declined: 5 Bf4} (7... dxc4 8. Bxc4 Ba6 9. Bxa6 Nxa6 10. Qe2 Qc8 11. O-O c5 12. Nb5 Qb7 13. Bd6 Rfd8 14. Bxe7 {½-½ (14) Nakamura,H (2792)-Bruzon Batista,L (2643) Tbilisi 2017}) 8. O-O Nbd7 {LiveBook: 7 Games} 9. Nb5 c5 10. Bc7 Qc8 11. dxc5 $146 ({Predecessor:} 11. Bd6 Bxd6 12. Nxd6 Qc6 13. Nxb7 Qxb7 14. b3 Rac8 15. Rc1 Rfe8 16. Nd2 e5 17. cxd5 cxd4 18. Rxc8 Rxc8 {1-0 (36) Kristensen,T-Kallenbach,U (1596) Esbjerg 2007}) 11... Nxc5 {Black wants to play ...dxc4.} 12. b4 Nce4 {[#] aiming for ...a6.} 13. cxd5 Nxd5 14. Rc1 Qe8 15. Be5 $1 f6 16. Ba1 Rd8 {[#] Strongly threatening ...Nxe3!} 17. Qb3 Bxb4 18. Nxa7 Nc5 ({Better is} 18... Bc5 $15) 19. Qb1 $11 Qa4 20. Nb5 Ba6 21. Nbd4 (21. Nfd4 {with more complications.} e5 22. Nc6 Rd7 23. e4 Nc7 24. Bc4+) 21... Bxe2 22. Nxe2 Ba5 23. Bd4 Rc8 24. e4 $36 {[%mdl 2048] White has good play.} Nb4 25. Nc3 Qe8 (25... Qa3 $11 26. Nb5 Qxa2) 26. Rfd1 $14 Qe7 27. Nb5 Rfd8 28. e5 fxe5 (28... Nbd3 $11 {remains equal.}) 29. Nxe5 $16 Nc6 30. Nxc6 Rxc6 31. Be5 {Na7! is the strong threat.} Rd5 32. Bf4 Rc8 33. Rxd5 exd5 34. Qf5 Rd8 35. Nd4 {Threatens to win with Bg5.} Qd7 36. Rd1 (36. Qc2 {looks sharper.} Re8 37. Be3 Qa4 38. Qxa4 Nxa4 39. Rc7) 36... Bc3 37. Qxd7 Rxd7 38. Nb5 Bf6 39. g4 h6 40. Bc7 Na4 41. f4 Nb2 42. Rb1 Nc4 {White must now prevent ...d4.} 43. Rc1 Re7 44. Bd8 Rf7 45. Bxf6 Rxf6 $11 {[%mdl 4096] Endgame KRN-KRN} 46. f5 h5 47. Nc7 Ne3 48. h3 hxg4 49. hxg4 Nxg4 50. Nxd5 Rd6 51. Rc8+ Kh7 52. Ne7 (52. Nc3 {is more complex.} Rd2 53. Rb8 Rb2 54. a4 Ne3 55. Ne4) 52... Kh6 (52... Rd7 {keeps more tension.} 53. Nc6 Rd1+ 54. Kg2 Ne3+ 55. Kf3 Nxf5 56. Rb8 Rd6) 53. Rc6 {The position is equal.} Rxc6 54. Nxc6 {KN-KN} Kg5 55. a4 Ne3 56. a5 bxa5 57. Nxa5 Kxf5 ({Resist} 57... Nxf5 58. Nb3 $17) 58. Nb3 g5 59. Nd4+ Ke4 60. Ne2 Kf3 61. Nd4+ Ke4 62. Ne2 Kf3 {Precision: White = 58%, Black = 40%.} 1/2-1/2

[Event "BL 2017-18"]
[Site "Germany"]
[Date "2018.02.25"]
[Round "10"]
[White "Keymer, Vincent"]
[Black "Lauber, Arnd"]
[Result "0-1"]
[WhiteElo "2418"]
[BlackElo "2430"]
[Annotator "TA"]
[PlyCount "108"]
[EventDate "2018.05.24"]
[EventType "team-tourn"]
[EventCountry "GER"]
[SourceTitle "playchess.com"]
[Source "ChessBase"]
[SourceQuality "1"]
[WhiteTeam "SF Deizisau"]
[BlackTeam "SFR Berlin"]

{[%evp 19,108,48,42,38,45,52,37,13,21,29,46,0,0,0,0,0,0,-20,-20,-118,-57,-31,-33,-244,-250,-288,-288,-281,-281,-281,-272,-279,-279,-368,-368,-368,-368,-376,-368,-385,-361,-591,-579,-595,-595,-685,-646,-686,-595,-595,-595,-686,-675,-612,-595,-579,0,-593,-487,-587,-557,-553,0,-553,-552,-550,-544,-551,-531,-531,-521,-600,-600,-600,-600,-1189,-1272,-29983,-29984,-29985,-29985,-29988,-29989,-29989,-29990,-29990,-29985,-29995,-29996,-29996,-29997]} 1. d4 Nf6 2. c4 c5 3. d5 b5 4. cxb5 a6 5. bxa6 g6 6. Nc3 {A58: Benko/Volga Gambit: Lines with 5 bxa6} Bg7 7. a7 (7. g3 d6 8. Bg2 O-O 9. Nf3 Nbd7 10. O-O Nb6 11. e4 Bxa6 12. Re1 Nc4 13. Bf1 Nd7 14. Nd2 Nde5 15. Nxc4 Nxc4 16. Bd3 Qb6 17. Rb1 Rfb8 18. Na4 Qb4 19. Kg2 Ne5 20. Bd2 {0-1 (53) Harika,D (2528)-Kramnik,V (2803) Douglas 2017}) 7... Rxa7 8. e4 {[%cal Be2e4,Be4d5][%mdl 32]} O-O 9. Nf3 e6 10. Be2 exd5 {LiveBook: 31 Games} 11. exd5 d6 12. O-O Na6 13. Nd2 Nc7 14. Nc4 $146 Re8 15. Bf4 Nfxd5 16. Nxd5 Nxd5 17. Qxd5 Rxe2 18. Nxd6 Bd4 {Threatens to win with ...Be6.} ({Of course not} 18... Rxb2 $6 19. Rae1 $16) 19. Qc6 {[#]} (19. Be3 $11 {remains equal.}) 19... Be6 ({Black should try} 19... Ba6 $1 $17 20. Be3 Rxb2 21. Bxd4 cxd4) 20. Nb5 $15 Bd5 21. Nxd4 $2 (21. Qd6 $15 Rd7 22. Nxd4 Rxd6 23. Nxe2) 21... Bxc6 $19 22. Nxe2 Qd5 {[%csl Gc6][%cal Rd5g2]} 23. f3 {[#]} Re7 $1 {[%cal Re7e2]} ({Don't do} 23... Rxa2 24. Rad1 $19) 24. Rfe1 {[#]} Rxe2 $1 {[%mdl 512]} 25. Rxe2 {Hoping for Rd2.} Qc4 $1 {[%csl LRe2,LRf4]} 26. Kf2 {Be5 is the strong threat.} Qxf4 27. Kg1 Bb5 28. Rf2 Qe3 29. Rd1 h5 {[%cal Bh7h5,Bh5h4][%mdl 32]} 30. a3 $2 (30. f4 {was worth a try.}) 30... g5 31. h3 Kg7 32. Rb1 Kg6 33. Rd1 f6 34. Rdd2 h4 35. Kh2 Bd3 36. b3 Qf4+ 37. Kh1 Qe3 $2 (37... Qd4 $19 {aiming for ...Qc3.} 38. Rb2 c4 39. bxc4 Bxc4) 38. a4 $2 {[%mdl 8192]} (38. Kh2 $1 $11 {and White has nothing to worry.} Qe5+ 39. Kh1) 38... Kf5 39. Kh2 Qf4+ 40. Kh1 Qe3 41. Kh2 Ke5 42. a5 Ba6 43. Rc2 Kd6 44. Rfd2+ Kc6 45. Rd8 Qxb3 46. Rcd2 Qe6 47. f4 gxf4 {[%cal Bg5f4,Bf4f3][%mdl 32]} 48. Rb8 Qe5 {Black mates.} 49. Rb6+ Kc7 50. Rc2 f3+ 51. Kg1 Qe1+ 52. Kh2 f2 {[%csl Gf2][%cal Re1g1]} 53. Rxc5+ Kd7 {[%csl Gf2][%cal Re1g1]} 54. Rd5+ Ke7 {Precision: White = 29%, Black = 84%.} 0-1

[Event "BL 2017-18"]
[Site "Germany"]
[Date "2018.02.25"]
[Round "10"]
[White "Thiede, Lars"]
[Black "Dautov, Rustem"]
[Result "1/2-1/2"]
[WhiteElo "2409"]
[BlackElo "2596"]
[Annotator "TA"]
[PlyCount "48"]
[EventDate "2018.05.24"]
[EventType "team-tourn"]
[EventCountry "GER"]
[SourceTitle "playchess.com"]
[Source "ChessBase"]
[SourceQuality "1"]
[WhiteTeam "SFR Berlin"]
[BlackTeam "SF Deizisau"]

{[%evp 17,48,5,8,0,15,7,7,0,0,-7,0,-20,-23,-34,-18,-41,-41,-43,-41,-31,-43,-78,-76,-76,-73,-85,17,14,10,7,9,0,39]} 1. Nf3 d5 2. g3 c6 3. Bg2 Bf5 4. b3 Nf6 5. Bb2 e6 6. O-O h6 7. d3 Be7 8. Nbd2 O-O 9. Ne5 Bh7 {LiveBook: 20 Games. A07: Réti Opening: New York and Capablanca Systems} 10. a3 $146 ({Find the theoretical novelty and annotate with similar games:} 10. e4 a5 11. a3 Nbd7 12. Nxd7 Nxd7 13. Qe2 Bf6 14. d4 Qb6 15. e5 Be7 16. c4 dxc4 17. Qxc4 {½-½ (42) Vajda,L (2596)-Balogh,C (2621) Slovakia 2016}) 10... Nfd7 11. Nxd7 Nxd7 12. c4 a5 13. Bc3 Nf6 14. b4 d4 15. Bb2 axb4 16. axb4 Rxa1 17. Qxa1 Bxb4 18. Nf3 c5 19. Rb1 {[%cal Rb2d4]} Qd6 20. Ne1 b6 21. Nc2 {[#]} e5 ({Black should play} 21... Ba5 $1 $17) 22. Nxb4 $11 {The position is equal.} cxb4 23. Bc1 e4 24. Bd2 Re8 {Precision: White = 41%, Black = 57%.} 1/2-1/2